Information theory and quantum physics (Record no. 15768)

MARC details
000 -LEADER
fixed length control field 00640nam a2200193Ia 4500
003 - CONTROL NUMBER IDENTIFIER
control field IN-BaIIA
008 - FIXED-LENGTH DATA ELEMENTS--GENERAL INFORMATION
fixed length control field 211028s9999 xx 000 0 eng d
020 ## - INTERNATIONAL STANDARD BOOK NUMBER
International Standard Book Number 3-540-66517-X
040 ## - CATALOGING SOURCE
Transcribing agency IIA Library
080 ## - UNIVERSAL DECIMAL CLASSIFICATION NUMBER
Universal Decimal Classification number 530.145
Item number GRE
100 ## - MAIN ENTRY--PERSONAL NAME
Personal name Green, H. S
9 (RLIN) 4582
245 #0 - TITLE STATEMENT
Title Information theory and quantum physics
Remainder of title physical foundations for understanding the conscious process
Statement of responsibility, etc. H. S. Green
260 ## - PUBLICATION, DISTRIBUTION, ETC.
Place of publication, distribution, etc. Berlin
Name of publisher, distributor, etc. Springer-Verlag
Date of publication, distribution, etc. 2000
300 ## - PHYSICAL DESCRIPTION
Extent ix, 244p.
490 ## - SERIES STATEMENT
Series statement Texts and monographs in physics
650 ## - SUBJECT ADDED ENTRY--TOPICAL TERM
Topical term or geographic name entry element Information theory
9 (RLIN) 5647
650 ## - SUBJECT ADDED ENTRY--TOPICAL TERM
Topical term or geographic name entry element Quantum theory
942 ## - ADDED ENTRY ELEMENTS (KOHA)
Koha item type Books
Holdings
Withdrawn status Lost status Damaged status Not for loan Home library Current library Shelving location Date acquired Source of acquisition Cost, normal purchase price Total Checkouts Full call number Barcode Date last seen Cost, replacement price Price effective from Koha item type Purchase Price
        IIA Library-Bangalore IIA Library-Bangalore General Stacks 27/11/2004 ANJ 3147.90   530.145/ GRE 16690 05/11/2021 3147.90 27/11/2004 Books Rs. 3147.90

Powered by Koha